Southville International School and Colleges
Your cart is empty.
  • Cart
  • Lists
    Public lists Eva Luna New books Lux_list list_1
    Your lists Log in to create your own lists
  • Log in to your account
  • Your cookies
  • Search history
Southville International School and Colleges
  • Advanced search
  • Recent comments
  • Most popular
  • Libraries

Log in to your account

Log in with GOOGLE


If you do not have an external account, but do have a local account, you can still log in:

  1. Home
  2. MARC view: Money changes everything :
Normal view MARC view ISBD view

Money changes everything : (Record no. 356796)

[ view plain ]
MARC details
000 -LEADER
fixed length control field 00672nam a2200253Ia 4500
008 - FIXED-LENGTH DATA ELEMENTS--GENERAL INFORMATION
fixed length control field 180523s9999 xx 000 0 und d
020 ## - INTERNATIONAL STANDARD BOOK NUMBER
International Standard Book Number 0-13-065480-9
050 ## - LIBRARY OF CONGRESS CALL NUMBER
Classification number MAIN HC 79
050 ## - LIBRARY OF CONGRESS CALL NUMBER
Item number .W4M37 2003
100 ## - MAIN ENTRY--PERSONAL NAME
Personal name Marber, Peter.
245 #0 - TITLE STATEMENT
Title Money changes everything :
245 #0 - TITLE STATEMENT
Remainder of title how to global prosperity is reshaping our need, values, lifestyles /
245 #0 - TITLE STATEMENT
Statement of responsibility, etc Peter Marber.
260 ## - PUBLICATION, DISTRIBUTION, ETC. (IMPRINT)
Place of publication, distribution, etc Singapore :
260 ## - PUBLICATION, DISTRIBUTION, ETC. (IMPRINT)
Name of publisher, distributor, etc Pearson Education South Asia,
260 ## - PUBLICATION, DISTRIBUTION, ETC. (IMPRINT)
Date of publication, distribution, etc 2003
300 ## - PHYSICAL DESCRIPTION
Extent 245 pages :
300 ## - PHYSICAL DESCRIPTION
Other physical details illustrations ;
300 ## - PHYSICAL DESCRIPTION
Dimensions 24 cm.
500 ## - GENERAL NOTE
General note Includes index.
650 ## - SUBJECT ADDED ENTRY--TOPICAL TERM
Topical term or geographic name as entry element Globalization.
650 ## - SUBJECT ADDED ENTRY--TOPICAL TERM
Topical term or geographic name as entry element Wealth.
650 ## - SUBJECT ADDED ENTRY--TOPICAL TERM
General subdivision Money.
Holdings
Withdrawn status Lost status Damaged status Home library Current library Shelving location Date acquired Total Checkouts Full call number Barcode Date last seen Price effective from Koha item type
      South Mansfield College South Mansfield College       MAIN HC 79 .W4M37 2003 SMC03077 05/23/2018 05/23/2018  

Money changes everything :

APA

Marber P., .Money changes everything. Singapore: .

Chicago

Marber Peter, .Money changes everything. Singapore: .

Harvard

Marber P., .Money changes everything. Singapore: .

MLA

Marber Peter, .Singapore: . .

  • Place hold
  • Print
  • Cite
  • Add to your cart (remove)
  • Save record
    BIBTEX Dublin Core MARCXML MARC (non-Unicode/MARC-8) MARC (Unicode/UTF-8) MARC (Unicode/UTF-8, Standard) MODS (XML) RIS
  • More searches
    Search for this title in:
    Other Libraries (WorldCat) Other Databases (Google Scholar) Online Stores (Bookfinder.com) Open Library (openlibrary.org)

Exporting to Dublin Core...

SOUTHVILLE LIBRARY

Southville International School and Colleges Library

1281 Tropical Ave. Cor. Luxembourg St., BF Homes International, Las Pinas City

Tel. No. 8256374 / 252358 Loc. 117/146

Powered by Koha